Partial Differential equations with boundary value priblems &numerical solution of PDE (Record no. 142187)

MARC details
000 -LEADER
fixed length control field 00433nam a2200157Ia 4500
008 - FIXED-LENGTH DATA ELEMENTS--GENERAL INFORMATION
fixed length control field 230917s9999||||xx |||||||||||||| ||und||
040 ## - CATALOGING SOURCE
-- 115528
Original cataloging agency VIVEKANANDA LIBRARY
041 ## - Language
-- English
082 ## - DDC NUMBER
Classification number 515.353 S64P
100 ## - MAIN ENTRY--PERSONAL NAME
Personal name Singh, S
245 #0 - TITLE STATEMENT
Title Partial Differential equations with boundary value priblems &numerical solution of PDE
250 ## - EDITION STATEMENT
Edition statement 3rd ed.
260 ## - PUBLICATION, DISTRIBUTION, ETC. (IMPRINT)
Place of publication, distribution, etc Meerut
Name of publisher, distributor, etc Shiksha Sahitya
Date of publication, distribution, etc 2007
300 ## - PHYSICAL DESCRIPTION
Pages 640p p.
942 ## - ADDED ENTRY ELEMENTS (KOHA)
Koha item type Books
Holdings
Withdrawn status Lost status Damaged status Not for loan Location (home branch) Sublocation or collection (holding branch) Date acquired Koha issues (times borrowed) Koha full call number Accession No. Koha date last seen Koha item type
        VIVEKANANDA LIBRARY VIVEKANANDA LIBRARY 08/05/2008   515.353 S64P 251250 17/09/2023 Books
        VIVEKANANDA LIBRARY VIVEKANANDA LIBRARY 08/05/2008   515.353 S64P 251251 17/09/2023 Books
        VIVEKANANDA LIBRARY VIVEKANANDA LIBRARY 08/05/2008 1 515.353 S64P 251252 05/04/2024 Books
        VIVEKANANDA LIBRARY VIVEKANANDA LIBRARY 08/05/2008   515.353 S64P 251253 17/09/2023 Books
        VIVEKANANDA LIBRARY VIVEKANANDA LIBRARY 08/05/2008   515.353 S64P 251254 17/09/2023 Books
© Designed and Maintained by Vivekananda Library, MDU Rohtak